| 000 | 00000nam##2200000za#4500 |
| 001 | 9.689706 |
| 003 | CaOODSP |
| 005 | 20210624232022 |
| 007 | cr ||||||||||| |
| 008 | 150407|2007||||xxc|||||o f|0| 0 eng|d |
| 020 | |a978-0-662-45862-3 |
| 040 | |aCaOODSP|beng |
| 043 | |an-cn--- |
| 086 | 1 |aR63-278/2007E-PDF |
| 110 | 2 |aParks Canada. |
| 245 | 10|aKootenay National Park backcountry guide |h[electronic resource] |
| 260 | |aVictoria - British Columbia : |bParks Canada |c[2007]. |
| 300 | |a2p.|bmap |
| 500 | |aThe catalogue number (R63-278/2007E) and ISBN 978-0-662-45861-6) for the print edition have been copied in this electronic publication. |
| 590 | |a14-17-Supp|b2014-10-09 |
| 690 | 07|aNational parks|2gcpds |
| 775 | 08|tGuide du visiteur de l'arrière-pays Parc national Kootenay |w(CaOODSP)9.634104 |
| 856 | 40|ahttp://publications.gc.ca|qPDF|s500 KB|uhttps://publications.gc.ca/collections/collection_2014/pc/R63-278-2007-eng.pdf |